Návrh reprezentácie poznatkov vybraného predmetu štúdia na FHI bakalárska práca

Na minha lista:
Detalhes bibliográficos
Autor principal: Golan, Matej
Autor Corporativo: Fakulta hospodárskej informatiky EU. Katedra aplikovanej informatiky
Outros Autores: Kastl, Daniel
Formato: Livro
Idioma:eslovaco
Publicado em: Bratislava 2011
Tags: Adicionar Tag
Sem tags, seja o primeiro a adicionar uma tag!

MARC

LEADER 00000nbm a2200000 4500
001 0141010
005 20161109111728.0
041 0 |a slo 
044 |a SK 
245 1 0 |a Návrh reprezentácie poznatkov vybraného predmetu štúdia na FHI  |b bakalárska práca  |c Matej Golan ; školiteľ: Daniel Kastl 
264 1 |a Bratislava  |c 2011 
300 |a 45 s. 
100 1 |a Golan, Matej 
700 1 |a Kastl, Daniel 
710 2 |a Fakulta hospodárskej informatiky EU. Katedra aplikovanej informatiky